000 00894nam a2200265 a 4500
001 37906
003 BD-RjUL
005 20211209052703.0
008 150809s2015 nyu eng
020 _a9781844656370
035 _aDAW25653899
_a(BD-RjUL)38011
040 _aBD-RjUL
_beng
_cBD-RjUL
041 _aeng
082 _a170
_223
_bROU 2015
245 _aThe Routledge Handbook of Global Ethics /
_cedited by Darrel Moellendorf and Heather Widdows.
260 _aLondon ;
_aNew york :
_bRoutledge,
_c2015.
300 _axii, 501 p. ;
_c25 cm.
490 _aRoutledge Handbooks in Applied Ethics
504 _aIncludes bibliographical references and index.
650 _aEthics, Modern
_y21st century.
_9117425
700 1 _aMoellendorf, Darrel.
_9117426
700 1 _aWiddows, Heather
_9117427
830 0 _aRoutledge handbooks in applied ethics.
_9117428
942 _2ddc
_cBK
_02
999 _c37906
_d37906